| 000 | 00715nam a2200145Ia 4500 | ||
|---|---|---|---|
| 008 | 231221s9999 xx 000 0 und d | ||
| 041 | _aEnglish | ||
| 082 | _aCPEE16-1234 | ||
| 100 | _aPavan Kumar, K A. Nikhil S Arora. Mahesh, M. | ||
| 245 | 0 | _aDevelopment of constant current power system for HHO cell operations to reduce fuel consumption | |
| 260 | _c2016 | ||
| 500 | _aDevelopment of constant current power system for HHO cell operations to reduce fuel consumption K A Pavan Kumar ; Nikhil S Arora ; M Mahesh Power Electronics and Motion Control Conference (PEMC), 2016 IEEE International 25-28 Sept. 2016, Varna, Bulgaria | ||
| 650 | _aconstant,HHO,cell,operations,reduce,fuel,consumption | ||
| 942 | _cIR | ||
| 999 |
_c233786 _d233786 |
||